[Event "GER-ch U10"]
[Site "Willingen"]
[Date "2001.06.06"]
[Round "6"]
[White "Ulmer, Micha"]
[Black "Rath, Oliver"]
[Result "0-1"]
[WhiteElo "1165"]
[BlackElo "983"]
[PlyCount "58"]
[EventDate "2001.06.03"]
[EventType "swiss"]
[EventRounds "11"]
[EventCountry "GER"]
[SourceTitle "EXT 2003"]
[Source "ChessBase"]
[SourceDate "2002.11.25"]
[SourceVersion "1"]
[SourceVersionDate "2002.11.25"]
[SourceQuality "1"]

1. e4 c5 2. Nf3 Nc6 3. Nc3 d6 4. d4 cxd4 5. Nxd4 Bd7 6. Bc4 e6 7. 0-0 Nf6 8. Be3 Be7 9. Qd2 0-0 10. Rad1 a6 11. f4 b5 12. Bb3 b4 13. Nce2 Nxe4 14. Nxc6 Nxd2 15. Nxd8 Nxf1 16. Nb7 Nxe3 17. Rd3 Nd5 18. Rd4 a5 19. Re4 Bc6 20. Bxd5 Bxd5 21. Re3 Bxb7 22. Rg3 Rac8 23. Nd4 e5 24. fxe5 dxe5 25. Nf5 Bf6 26. h4 Rxc2 27. h5 Rxb2 28. h6 g6 29. Nd6 Bd5 0-1

[Event "GER-ch U10"]
[Site "Willingen"]
[Date "2001.06.05"]
[Round "5"]
[White "Dzodziev, Mark"]
[Black "Rath, Oliver"]
[Result "0-1"]
[WhiteElo "1186"]
[BlackElo "983"]
[PlyCount "184"]
[EventDate "2001.06.03"]
[EventType "swiss"]
[EventRounds "11"]
[EventCountry "GER"]
[SourceTitle "EXT 2003"]
[Source "ChessBase"]
[SourceDate "2002.11.25"]
[SourceVersion "1"]
[SourceVersionDate "2002.11.25"]
[SourceQuality "1"]

1. Nf3 c5 2. c4 Nc6 3. d3 e6 4. Nc3 Be7 5. g3 d6 6. Bg2 Bd7 7. 0-0 Nf6 8. b3 0-0 9. Bb2 Rb8 10. d4 cxd4 11. Nxd4 Qc8 12. Nxc6 Bxc6 13. Bh3 b6 14. a4 Bb7 15. Nb5 Qc6 16. f3 a6 17. Nd4 Qd7 18. Nc2 Qc7 19. Ne3 d5 20. cxd5 exd5 21. Ng4 Rfd8 22. Be5 Qc5+ 23. Kh1 Ra8 24. Bd4 Qd6 25. Be5 Qb4 26. Bc7 Rf8 27. Be5 Bc8 28. Bxf6 Bxf6 29. Nxf6+ gxf6 30. Bxc8 Raxc8 31. Qxd5 Rfd8 32. Qf5 Qc3 33. Rac1 Qxc1 34. Rxc1 Rxc1+ 35. Kg2 Rc6 36. h4 Kh8 37. h5 Re6 38. e4 Rc6 39. h6 Rc2+ 40. Kh3 Rc6 41. e5 fxe5 42. Qxe5+ f6 43. Qe7 Rg8 44. Qd7 Rcc8 45. Qe6 Rcf8 46. Qxb6 Rg6 47. Kg2 Rxh6 48. Qxa6 Rd8 49. Qe2 Rb8 50. Qe3 Rg6 51. Qd4 Rxb3 52. Qd8+ Kg7 53. a5 Rb2+ 54. Kh3 Rh6+ 55. Kg4 f5+ 56. Kf4 Rb4+ 57. Ke3 Re6+ 58. Kd3 Rb3+ 59. Kc4 Ree3 60. Qd7+ Kg6 61. Qd6+ Kf7 62. Qd7+ Kg6 63. Qd6+ Kf7 64. Qd5+ Kg6 65. Qd4 Ra3 66. Qb6+ Kg5 67. f4+ Kg4 68. Kd4 Rad3+ 69. Kc4 Rc3+ 70. Kd5 Rcd3+ 71. Kc6 Re6+ 72. Kc7 Rxb6 73. Kxb6 Ra3 74. a6 Kxg3 75. a7 Kxf4 76. Kb7 h5 77. a8Q Rxa8 78. Kxa8 h4 79. Kb7 h3 80. Kc6 h2 81. Kd5 h1Q+ 82. Ke6 Qe4+ 83. Kd6 Qe5+ 84. Kc6 Ke4 85. Kb6 Kd4 86. Kc6 Qc5+ 87. Kb7 Qd6 88. Ka7 Kc5 89. Kb7 Kb5 90. Ka7 Qd7+ 91. Ka8 Kb6 92. Kb8 Qd8# 0-1

[Event "GER-ch U10"]
[Site "Willingen"]
[Date "2001.06.03"]
[Round "2"]
[White "Rath, Oliver"]
[Black "Doberitz, Paul"]
[Result "0-1"]
[WhiteElo "983"]
[BlackElo "1177"]
[PlyCount "70"]
[EventDate "2001.06.03"]
[EventType "swiss"]
[EventRounds "11"]
[EventCountry "GER"]
[SourceTitle "EXT 2003"]
[Source "ChessBase"]
[SourceDate "2002.11.25"]
[SourceVersion "1"]
[SourceVersionDate "2002.11.25"]
[SourceQuality "1"]

1. d4 d5 2. Bg5 Nc6 3. g3 f6 4. Bf4 e5 5. dxe5 fxe5 6. Bd2 Nf6 7. Bg2 Bf5 8. Nc3 Nd4 9. Rc1 Bc5 10. e3 Nc6 11. Nge2 0-0 12. 0-0 Qd7 13. Be1 Rad8 14. Qd2 Bh3 15. a3 Bxg2 16. Kxg2 Qe7 17. b4 Bb6 18. Rd1 Ne4 19. Qc1 Nxc3 20. Nxc3 d4 21. exd4 exd4 22. Ne2 Qxe2 23. c3 d3 24. Rd2 Qe4+ 25. Kg1 Qg6 26. c4 Nd4 27. Qb2 Nf3+ 28. Kh1 Qe4 29. Rd1 Nxe1+ 30. f3 Nxf3 31. Rf2 Nh4+ 32. Kg1 Bxf2+ 33. Qxf2 Rxf2 34. Kxf2 Qf3+ 35. Ke1 Qe2# 0-1